000 00466nam a2200157Ia 4500
008 100122s9999 xx 000 0 und d
082 _b74377
_a823
100 _aवर्टीकर अर्चना
245 _aजळात सोडलेले दिवे
250 _a1
260 _c2008
300 _a110
630 _aजळात सोडलेले दिवे
730 _aजळात सोडलेले दिवे
942 _cBOOK
999 _c390398
_d390395